| 000 | 01039nam a22002297a 4500 | ||
|---|---|---|---|
| 999 |
_c2301 _d2301 |
||
| 003 | AR-CdUCM | ||
| 008 | 190304b ||||| |||| 00| 0 spa d | ||
| 040 |
_aMUNICIPALIDAD PROVINCIAL DEL CUSCO _cBIBLIOTECA MUNICIPAL DEL CUSCO |
||
| 082 |
_a980.05 / _bV19 |
||
| 100 |
_aValdiviezo García, Alfredo _98303 |
||
| 245 | _aLa preemancipación de Hispanoamérica y del Perú / | ||
| 260 |
_aTrujillo : _bUniversidad Nacional de Trujillo, _c1998. |
||
| 300 |
_a119 páginas ; _c20 cm. |
||
| 505 | _aContenido: Generalidades sobre la emancipación de hispanoamérica -- Causas, motivaciones e hipótesis que explican el estallido de la emancipación hiapanoamericana -- El estallido revolucionario de 1810 ... | ||
| 650 |
_aAmérica Latina - Emancipación _98304 |
||
| 650 |
_aHispanoamérica - Emancipación _98305 |
||
| 650 |
_aHispanoamérica - Historia - Siglo XVII _98306 |
||
| 650 |
_aPerú - Historia - Emancipación _98307 |
||
| 710 |
_aUniversidad Nacional de Trujillo _91543 |
||
| 942 |
_2ddc _cLIBROS |
||
| 945 |
_alccs _d2019-03-04 |
||